MARC

LEADER 00000nam0a2200000 4500
001 274059
005 20231101234706.0
020 |a RU  |b 87-42529 
035 |a (RuTPU)RU\TPU\book\297269 
090 |a 274059 
100 |a 20141030d1987 m y0rusy5003 ca 
101 0 |a rus 
102 |a RU 
105 |a a j 001zy 
200 1 |a Основы автоматизированных расчетов надежности машин и аппаратов химической технологии  |e учебное пособие  |f А. Ф. Зубова  |g Ленинградский технологический институт им. Ленсовета (ЛТИ) 
210 |a Ленинград  |c Изд-во ЛТИ  |d 1987 
215 |a 71 с.  |c ил.  |d 21 см 
320 |a Библиогр.: с. 66-67 (30 назв.) 
606 1 |a Химические машины и аппараты  |2 stltpush  |3 (RuTPU)RU\TPU\subj\73309  |9 86361 
610 1 |a химическая технология 
610 1 |a химическая аппаратура 
610 1 |a надежность 
610 1 |a отказы 
610 1 |a резервированные системы 
610 1 |a функционирование 
610 1 |a вероятностные характеристики 
610 1 |a программное движение 
610 1 |a стабилизация 
610 1 |a исследование 
610 1 |a учебные пособия 
675 |a 66.02-192.001.24:681.3(075.8)  |z rus  |v 3 
700 1 |a Зубова  |b А. Ф.  |g Александра Федоровна 
712 0 2 |a Ленинградский технологический институт им. Ленсовета (ЛТИ)  |2 stltpush  |3 (RuTPU)RU\TPU\col\1462 
801 0 |a RU  |b RuMRKP  |c 19950417  |g psbo 
801 1 |a RU  |b 63413507  |c 20141030 
801 2 |a RU  |b 63413507  |c 20170117  |g RCR 
942 |c BK